Are all religions equal? / (Record no. 42304)

MARC details
000 -LEADER
fixed length control field 00858nam a22002537a 4500
005 - DATE AND TIME OF LATEST TRANSACTION
control field 20100817142257.0
010 ## - LCCN (DPL NO)
LC control number ENG-100743
020 ## - INTERNATIONAL STANDARD BOOK NUMBER
International Standard Book Number 9788189746841
Terms of availability 195.00
020 ## - INTERNATIONAL STANDARD BOOK NUMBER
International Standard Book Number 8189746843
Terms of availability 195.00
035 ## - SYSTEM CONTROL NUMBER
System control number EN-84276
037 ## - SOURCE OF ACQUISITION
Source of stock number/acquisition DBAD/PUB
082 ## - DEWEY DECIMAL CLASSIFICATION NUMBER
Classification number 200
100 ## - MAIN ENTRY--PERSONAL NAME
Personal name Rakhit, Maanoj
245 ## - TITLE STATEMENT
Title Are all religions equal? /
Statement of responsibility, etc by Maanoj Rakhit
260 ## - PUBLICATION, DISTRIBUTION, ETC. (IMPRINT)
Place of publication, distribution, etc Mumbai
Name of publisher, distributor, etc Maanoj Rakhit
Date of publication, distribution, etc 2009
270 ## - ADDRESS
Address 8-604 Discovery, Duttapada Marg, Borivali East
City Mumbai
Postal code 400066
300 ## - PHYSICAL DESCRIPTION
Extent 124p.
Dimensions 21cm (pbk)
Accompanying material b&w photos
500 ## - GENERAL NOTE
General note Includes bibliographical references
650 ## - SUBJECT ADDED ENTRY--TOPICAL TERM
Topical term or geographic name as entry element Chiristianity & other religions
650 ## - SUBJECT ADDED ENTRY--TOPICAL TERM
Topical term or geographic name as entry element Hinduism
650 ## - SUBJECT ADDED ENTRY--TOPICAL TERM
Topical term or geographic name as entry element Secularism
942 ## - ADDED ENTRY ELEMENTS (KOHA)
Source of classification or shelving scheme Dewey Decimal Classification
Item type English Books
Classification part 200
Call number suffix RAK
Holdings
Withdrawn status Lost status Not for loan Collection code Home library Current library Date acquired Source of acquisition Cost, normal purchase price Full call number Barcode Copy number Cost, replacement price Koha item type
    Not For Loan Non-fiction D.B.Act.Division D.B.Act.Division 17/08/2010 DBAD/PUB 195.00 200 RAK EN-84276 1 195.00 English Books

© Delhi Public Library
Hit Counter
free hit counter